Normale Ansicht MARC-Ansicht ISBD

Ein idealer Gatte: (Titelsatznr. 76822)

[ MARC ]
MARC-Details
000 -Satzkennung
Kontrollfeld mit fester Länge 00657nam a2200253 4500
001 - Kontrollnummer
Kontrollfeld 16427
003 - Kontrollnummer Identifier
Kontrollfeld OSt
005 - Datum und Zeit der letzten Transaktion
Kontrollfeld 20230628144721.0
007 - Feld mit fester Länge zur physischen Beschreibung - Allgemeine Information
Kontrollfeld mit fester Länge tu
008 - Feld mit fester Länge zur physischen Beschreibung - Allgemeine Angaben
Kontrollfeld mit fester Länge 111215|||||||||||| ger
040 ## - Katalogisierungsquelle
Original-Katalogisierungsstelle DE-2950
Übertragungsstelle DE-2950
100 1# - Haupteintragung - Personenname
Personenname Wilde, Oscar
245 04 - Titel
Titel Ein idealer Gatte:
Zusatz zum Titel Schauspiel aus der Gesellschaft/
Verfasserangabe etc. von Oscar Wilde
300 ## - Physische Beschreibung
Umfang 157 S.
365 ## - Handelspreis
Währungscode
546 ## - Fußnote zur Sprache
Sprache deutsch
650 04 - Nebeneintragung unter einem Schlagwort - Sachschlagwort
Sachschlagwort oder geografischer Name als Eintragungselement Theater
650 04 - Nebeneintragung unter einem Schlagwort - Sachschlagwort
Sachschlagwort oder geografischer Name als Eintragungselement Frankfurt (Oder)
650 04 - Nebeneintragung unter einem Schlagwort - Sachschlagwort
Sachschlagwort oder geografischer Name als Eintragungselement Regiebuch
650 04 - Nebeneintragung unter einem Schlagwort - Sachschlagwort
Sachschlagwort oder geografischer Name als Eintragungselement Handschrift
653 ## - Indexierungsterm - Nicht normiert
Nicht-normierter Term Henneberg, Richard; Schauspieler, Theaterregisseur, [1897? - 1959?]
700 1# - Nebeneintragung - Personenname
Personenname Henneberg, Richard
Funktionsbezeichnung Regie
942 ## - Zusätzliche Felder (Koha)
Klassifikation oder Aufstellungssystematik Andere/Generische Klassifikation
Koha-Medientyp Bücher
Exemplare
Ausgeschieden Verloren Klassifikation oder Aufstellungssystematik Beschädigt Nicht entleihbar Heimatbibliothek Aufenthaltsbibliothek Erwerbungsdatum Kodierter Standort-Qualifier Anzahl Ausleihen Signatur Letzte Aktivität Exemplarnummer Preis gültig von Koha-Medientyp
    Andere/Generische Klassifikation     Stadtarchiv Frankfurt (Oder) | Archivbibliothek Stadtarchiv Frankfurt (Oder) | Archivbibliothek 25/11/2020 M   II: 5110 25/11/2020 131/ 2011 25/11/2020 Bücher